東急電鉄 開業当時の社名 - Statistics

General Stats
  • This quiz has been taken 114 times
  • The average score is 8 of 11
Answer Stats
路線 区間 社名 % Correct
田園都市線 渋谷 - 二子玉川 東京急行電鉄
93%
田園都市線 溝の口 - 中央林間 東京急行電鉄
93%
東急新横浜線 全線 東急電鉄
86%
東横線 全線 東京横浜電鉄
79%
目黒線 全線 目黒蒲田電鉄
74%
大井町線 全線 目黒蒲田電鉄
74%
東急多摩川線 全線 目黒蒲田電鉄
74%
池上線 全線 池上電気鉄道
65%
田園都市線 二子玉川 - 溝の口 玉川電気鉄道
63%
世田谷線 全線 玉川電気鉄道
63%
こどもの国線 全線 こどもの国協会
18%
No matching quizzes found
Score Distribution
Percent of People with Each Score
Percentile by Number Answered
Your Score History
You have not taken this quiz